000 00612nam a2200217Ia 4500
005 20230320094554.0
008 131103s9999 xx 000 0 und d
040 _aLoreto College
041 _aEnglish
082 _a891.441
_bBHA
100 _aBhattacharya, Ashutosh
245 _aBangla mangalkabyer itihas
_cAshutosh Bhattacharya
250 _a4th ill. ed.
260 _aCalcutta
_bA. Mukherjee & Co
_c1964
300 _a822p
504 _aInclude index
650 _aBengali Poetry - History and Criticism
651 _aBengali Literature - History and Criticism
850 _aLCLIB
942 _cBK
999 _c20543
_d71022